000 00396nam a2200145Ia 4500
008 231129s1997||||xx |||||||||||||| ||spa||
020 _a958-04-3873-0
040 _bspa
082 _a922.22 F632
100 _aSanto Francisco de Asis
245 0 _aLas florecillas de San Francisco
260 _c1997
264 _aGrupo Editorial Norma
942 _2ddc
_cBKS
999 _c18728
_d18728